Statistics for Victoria's Secret Fantasy Bra

Click here to take the quiz!

General Stats

  • This quiz has been taken 19 times
  • The average score is 17 of 24

Answer Stats

YearValueModel% Correct
2008$5,000,000Adriana Lima
94%
2014$2,000,000Adriana Lima
94%
2010$2,000,000Adriana Lima
94%
2000$15,000,000Gisele Bündchen
94%
2005$12,500,000Gisele Bündchen
94%
2013$10,000,000Candice Swanepoel
88%
1999$10,000,000Heidi Klum
88%
2001$12,500,000Heidi Klum
88%
2003$11,000,000Heidi Klum
88%
2012$2,500,000Alessandra Ambrosio
81%
2014$2,000,000Alessandra Ambrosio
81%
2004$10,000,000Tyra Banks
81%
1997$3,000,000Tyra Banks
81%
2002$10,000,000Karolína Kurková
69%
2006$6,500,000Karolína Kurková
69%
2017$2,000,000Lais Ribeiro
69%
2018$1,000,000Elsa Hosk
63%
2016$3,000,000Jasmine Tookes
63%
2011$2,500,000Miranda Kerr
63%
2015$2,000,000Lily Aldridge
56%
2009$3,000,000Marisa Miller
50%
2007$4,500,000Selita Ebanks
38%
1996$1,000,000Claudia Schiffer
25%
1998$5,000,000Daniela Peštová
13%

Score Distribution

Percentile by Number Answered

Percent of People with Each Score

Your Score History

You have not taken this quiz